Theorising identity and subjectivity in educational leadership research /

Bibliographic Details
Corporate Author: Taylor & Francis
Other Authors: Niesche, Richard (Editor), Heffernan, Amanda (Editor)
Format: eBook
Language:English
Published: London : Routledge, Taylor & Francis Group, 2020.
Series:Critical studies in educational leadership, management and administration series.
Subjects:
Online Access:Connect to the full text of this electronic book

MARC

Tag First Indicator Second Indicator Subfields
LEADER 00000cam a2200000Ii 4500
001 in00004169727
005 20201020070356.0
006 m o d
007 cr cnu|||unuuu
008 200318s2020 enk eob 001 0 eng d
020 |a 9780429032158  |q (electronic bk.) 
020 |a 0429032153  |q (electronic bk.) 
020 |a 9780429628405  |q (electronic bk. ;  |q PDF) 
020 |a 0429628404  |q (electronic bk. ;  |q PDF) 
020 |a 9780429625121  |q (electronic bk. ;  |q Mobipocket) 
020 |a 042962512X  |q (electronic bk. ;  |q Mobipocket) 
020 |a 9780429626760  |q (electronic bk. ;  |q EPUB) 
020 |a 0429626762  |q (electronic bk. ;  |q EPUB) 
020 |z 9780367145293 
020 |z 0367145294 
024 8 |a 40029951397 
035 |a (NhCcYBP)ybp16551954 
037 |a 9780429032158  |b Taylor & Francis 
040 |a NhCcYBP  |c NhCcYBP  |d UtOrBLW 
050 4 |a LB2806.25  |b .T44 2020 
072 7 |a EDU  |x 000000  |2 bisacsh 
072 7 |a JNK  |2 bicssc 
082 0 4 |a 371.2  |2 23 
245 0 0 |a Theorising identity and subjectivity in educational leadership research /  |c edited by Richard Niesche and Amanda Heffernan. 
264 1 |a London :  |b Routledge, Taylor & Francis Group,  |c 2020. 
300 |a 1 online resource. 
336 |a text  |b txt  |2 rdacontent 
337 |a computer  |b c  |2 rdamedia 
338 |a online resource  |b cr  |2 rdacarrier 
490 1 |a Critical studies in educational leadership, management and administration series 
588 0 |a Online resource; title from PDF title page (Taylor & Francis, viewed March 30, 2020). 
504 |a Includes bibliographical references and index. 
505 0 |a Introduction (Richard Niesche and Amanda Heffernan) Chapter 1: Conceptualising constructions of educational-leader identity (Steven J. Courtney and Ruth McGinity) Chapter 2: Identity, subjectivity and agency: feminists re-conceptualising educational leadership within / against / beyond the neo-liberal self (Jill Blackmore) Chapter 3: The principalship as a social relation (Scott Eacott) Chapter 4: This Bridge Called My Leadership: Leading America's Schools While Black and Female (Sonya Douglass Horsford) Chapter 5: Towards an ethics of leadership (Donald Gillies) Chapter 6: Manufacturing the Woman Leader: How Can Wardrobes Help Us to Understand Leadership Identities? (Amanda Heffernan and Pat Thomson) Chapter 7: Tropes and tall tales: Leadership in the neoliberalised world of English academies (Matthew Clarke and Linda Hammersley-Fletcher) Chapter 8: Being, becoming, and questioning the school leader: An autoethnographic exploration of a woman in the middle (Deborah M. Netolicky) Chapter 9: The Will Not to Know: Data Leadership, Necropolitics and Ethnic-Racialized Student Subjectivities (Dorthe Staunæs and Jon Sparre Bach Conrad) Chapter 10: Subjectivity and the school principal: Governing at the intersection of power and truth (Richard Niesche) Chapter 11: A Day in the Life Performance of a Re/Dis/Un/Covering Administrator (Dawn C. Wallin) Chapter 12: Exploring and Que(e)rying the Subjectivity of Educational Leadership Researchers Who Pursue Queer Issues (Bryan J. Duarte and Gavin Murphy) Chapter 13: That's enough about me: Exploring leaders' identities in schools in challenging circumstances (Gerry Mac Ruairc) Conclusion 
545 0 |a Richard Niesche is Associate Professor in Educational Leadership at The University of New South Wales in Sydney, Australia. Amanda Heffernan is Lecturer in Leadership at Monash University in Melbourne, Australia. 
500 |a Electronic resource. 
650 0 |a Educational leadership  |x Research. 
655 7 |a Electronic books.  |2 local 
700 1 |a Niesche, Richard,  |e editor.  |0 http://id.loc.gov/authorities/names/nb2011009172 
700 1 |a Heffernan, Amanda,  |e editor.  |0 http://id.loc.gov/authorities/names/n2020044351 
710 2 |a Taylor & Francis.  |0 http://id.loc.gov/authorities/names/n84073022 
776 1 8 |c Original  |z 0367145294  |z 9780367145293 
830 0 |a Critical studies in educational leadership, management and administration series.  |0 http://id.loc.gov/authorities/names/no2013139794 
856 4 0 |u http://proxy.library.tamu.edu/login?url=https://www.taylorfrancis.com/books/9780429032158  |z Connect to the full text of this electronic book  |t 0 
955 |a YBP purchased approval e-records 
980 |b 175.00  |g 1 
999 f f |s 516d7925-40fc-3ad1-9564-85e694ed6f9e  |i ff9f377e-997b-3abf-a5fa-6458c29f640a  |t 0 
952 f f |a Texas A&M University  |b College Station  |c Electronic Resources  |d Available Online  |t 0  |e LB2806.25 .T44 2020  |h Library of Congress classification 
998 f f |a LB2806.25 .T44 2020  |t 0  |l Available Online